[Event "AUT-chT2W 9495"]
[Site "Austria"]
[Date "1995.??.??"]
[Round "?.7"]
[White "Lechenbauer, Karl"]
[Black "Gehrer, Marco"]
[Result "0-1"]
[WhiteElo "1775"]
[BlackElo "1700"]
[PlyCount "95"]
[EventDate "1994.??.??"]
[EventType "team"]
[EventRounds "9"]
[EventCountry "AUT"]
[SourceTitle "EXT 1999"]
[Source "ChessBase"]
[SourceDate "1998.11.16"]
[SourceVersion "1"]
[SourceVersionDate "1998.11.16"]
[SourceQuality "1"]

1. e4 e5 2. Nf3 Nc6 3. Nc3 Bc5 4. Nxe5 Bxf2+ 5. Kxf2 Nxe5 6. d4 Nc6 7. Bc4 Qf6+ 8. Kg1 Qxd4+ 9. Qxd4 Nxd4 10. Nd5 Ne6 11. Be3 d6 12. h3 Ne7 13. Kh2 Ng6 14. Rhf1 Ne5 15. Be2 c6 16. Nc3 0-0 17. Rad1 Rd8 18. Rd2 Kf8 19. Rfd1 Ke7 20. b3 b6 21. Bf1 Bb7 22. Ne2 d5 23. exd5 Rxd5 24. Nd4 Nxd4 25. Rxd4 Rad8 26. Rxd5 Rxd5 27. Re1 f6 28. c4 Rd8 29. a4 c5 30. a5 Kf7 31. axb6 axb6 32. Ra1 Nc6 33. Bf4 Rd7 34. Be2 Na5 35. Bg4 Rd3 36. Bd1 g5 37. Bh5+ Kf8 38. Bc7 Rxb3 39. Re1 Rb2 40. Re8+ Kg7 41. Re7+ Kh6 42. Be2 Nxc4 43. h4 Ne5 44. hxg5+ Kxg5 45. Bxe5 fxe5 46. Rxe5+ Kf6 47. Re3 b5 48. Bxb5 0-1

[Event "AUT-chT 9596"]
[Site "Vorarlberg"]
[Date "1995.??.??"]
[Round "7"]
[White "Zech, Otto"]
[Black "Gehrer, Marco"]
[Result "0-1"]
[WhiteElo "1665"]
[BlackElo "1725"]
[PlyCount "104"]
[EventDate "1995.??.??"]
[EventType "team"]
[EventRounds "9"]
[EventCountry "AUT"]
[SourceTitle "EXT 1999"]
[Source "ChessBase"]
[SourceDate "1998.11.16"]
[SourceVersion "1"]
[SourceVersionDate "1998.11.16"]
[SourceQuality "1"]

1. e4 e5 2. Nf3 Nc6 3. Bb5 a6 4. Ba4 Nf6 5. 0-0 b5 6. Bb3 d6 7. h3 Be7 8. Re1 0-0 9. c3 Na5 10. Bc2 c5 11. d4 Qc7 12. Nbd2 h6 13. Nf1 Bd7 14. Ne3 Rac8 15. Bd2 Nc6 16. dxe5 dxe5 17. a4 Be6 18. axb5 axb5 19. Qe2 Qb7 20. Nh2 b4 21. Bd3 Qd7 22. Bb5 Nxe4 23. Rad1 bxc3 24. bxc3 Nd6 25. Bxc6 Qxc6 26. Neg4 Bxg4 27. Qxg4 f5 28. Qh5 Ne4 29. Nf3 Nxd2 30. Rxd2 e4 31. Ne5 Qe6 32. Ng6 Rf6 33. Nf4 Qf7 34. Qd1 Rcc6 35. Qa4 Ra6 36. Qb5 Rfb6 37. Qd7 Rd6 38. Qc8+ Kh7 39. Nd5 Bg5 40. Rdd1 Rac6 41. Qa8 Qd7 42. c4 Qf7 43. g3 Bf6 44. Rb1 Ra6 45. Qc8 Qh5 46. Nf4 Qg5 47. Nd5 Bd4 48. Nf4 e3 49. Kh2 Ra2 50. Ne2 exf2 51. Rb8 Qxg3+ 52. Kh1 fxe1Q+ 0-1